Responses for Show #2035 - Friday, June 11, 1993

Al Lin game 2.

Contestants

[<< previous game]

Chris Bennington, an insurance coverage attorney from Moorpark, California

Peter Fish, a writer from San Carlos, California

Al Lin, a law student originally from Chesapeake, Virginia (whose 1-day cash winnings total $10,501)

[next game >>]

Jeopardy! Round responses

MYTHOLOGY
CHARLOTTES
TRAVEL TEXAS
1990
COOKING
COMPLETES THE PROVERB
    $100 8
Egypt

Al
    $100 25
Charlotte's Web

Chris
    $100 11
Houston

Al
    $100 4
the Exxon Valdez

Chris
    $100 1
giblets

Al
    $100 17
(Al: [*]. COMPLETES THE PROVERB...)
(Alex: Wait a minute, remember to phrase it...)

there's a way

Al
    $200 9
Diana

Al
    $200 27
Charlotte Rae

Chris
    $200 20
Johnson

Al
    $200 5
Roseanne Barr

Al
    $200 2
cookies

Al
    $200 18
want not

Peter
    $300 10
(Al: What is... a heel?)
(Chris: What is a helmet?)

shoes (sandals)

AlPeterChris
    $300 28
Charlottesville

Al
    $300 22
The Last Supper

Peter
    $300 14
Mecca

Al
    $300 3
(Peter: What are biscotti?)

potatoes

PeterChris
    $300 19
broken

Chris
    $400 12
(Al:What is the Adriatic?)
(Peter: What is the Ionian Sea?)
(Chris: What is the Tyrrhenian?)
...
(Alex: If we had had four contestants the next one would have gotten it, I'm sure.)

the Aegean

AlPeterChris
Triple Stumper
    $400 29
Hush... Hush, Sweet Charlotte

Peter
    $400 23
Six Flags

Chris
    $400 15
Manuel Noriega

Al
    $400 6
sautéing

Al
    $400 21
the sweeter the meat

Chris
    $500 13
(Peter: Who are the Fates?)

the Furies

PeterChris
    $500 30
Charlotte Brontë

Al
    $500 24
Texarkana

Peter
    $1,000 16
Chile

Al
    $500 7
to clarify

Al
    $500 26
like a woman scorned

Al

Scores at the first commercial break (after clue 16):

Al Peter Chris
$2,800 -$900 $200

Scores at the end of the Jeopardy! Round:

Al Peter Chris
$4,400 $500 $1,600

Double Jeopardy! Round responses

MILITARY LEADERS
POETRY
DISASTERS
NICKNAMES
ISLANDS
POP MUSIC
    $200 16
(Captain) Bligh

Al
    $200 1
Annabel Lee

Al
    $200 11
San Francisco

Chris
    $200 26
Moses

Al
    $200 6
Sicily

Al
    $200 21
Paul McCartney

Chris
    $400 17
Hannibal

Chris
    $400 2
(Chris: Who is Lord Byron?)

Shelley

PeterChris
    $400 12
Vesuvius

Al
    $400 27
John Paul I

Chris
    $400 7
Tasmania

Peter
    $400 22
Elvis Presley

Peter
    $600 18
Moshe Dayan

Al
    $600 3
The Canterbury Tales

Peter
    $600 13
influenza

Peter
    $600 28
Dorothy Lamour

Chris
    $600 8
St. Helena

Peter
    $600 23
The Temptations

Chris
    $800 19
"Black Jack" Pershing

Al
    $800 4
the chambered nautilus

Al
    $800 14
the Empire State Building

Chris
    $800 30
(Chris: Who is the "Man of a Thousand Faces"?)
...
(Alex: The "Man of a Thousand Faces" was Lon Chaney; Willie Sutton was [*].)

"the Actor"

Chris
Triple Stumper
    $2,200 9
(Peter: What is... Tanzania?)

Indonesia

Peter
    $800 24
Wayne Fontana

Peter
    $1000 20
(Chris: Who is Genda?)

Yamamoto

PeterChris
    $2,100 5
Wordsworth

Al
    $1000 15
Lockerbie

Al
    $1000 29
Frederick the Great

Chris
    $1000 10
Madeira

Al
    $1000 25
The Honeydrippers

Peter

Scores at the end of the Double Jeopardy! Round:

Al Peter Chris
$11,900 $4,100 $3,600
(lock game)

[wagering suggestions for these scores]

Final Jeopardy! Round responses

CHILDREN'S LITERATURE
ChrisWhat is The Cat In The Hat
$501
PeterWhat is The Beginner Book of?
$4,000
AlWhat is the Velveteen Rabbit
$1,900
The Cat in the Hat

Final scores:

Al Peter Chris
$10,000 $100 $4,101
2-day champion: $20,501 3rd place: reference books + Wheel of Fortune & Jeopardy! for the Super Nintendo Entertainment System & Sega Genesis 2nd place: trip on Delta to the Bahamas & stay at the Bahamas Princess Resort & Casino

Game dynamics:

Coryat scores:

Al Peter Chris
$10,300 $6,300 $3,600
27 R
(including 2 DDs),
2 W
14 R,
4 W
(including 1 DD)
16 R,
5 W

Combined Coryat: $20,200

[game clues] [game scores] [suggest correction]

Game tape date: 1993-01-20
The J! Archive is created by fans, for fans. Scraping, republication, monetization, and malicious use prohibited; this site may use cookies and collect identifying information. See terms. The Jeopardy! game show and all elements thereof, including but not limited to copyright and trademark thereto, are the property of Jeopardy Productions, Inc. and are protected under law. This website is not affiliated with, sponsored by, or operated by Jeopardy Productions, Inc. Join the discussion at JBoard.tv.